000 01172cad a22002535a 4500
001 E148847
008 091117e20091113xxkd f s 000 0 eng d
035 _a(Sirsi) u148847
041 0 _aeng
050 0 4 _a333.33 $2 18
110 2 _aRoyal Institution of Chartered Surveyors
_bEconomics
_95033
245 0 0 _aRICS global real estate weekly
_b13 November 2009
_h[electronic resource]
260 _aLondon
_bRICS
_c2009
490 0 _aRICS Global Real Estate Weekly
_v13 November 2009
520 _aSuggests that only a modest rise in housing starts is likely in England in 3Q 2009, and that the outlook for German house prices is very uncertain. Discusses recovery in the US housebuilding sector and reports that the Japanese commercial property market is starting to show some life.
521 _aAdvanced
590 _aKA
650 2 4 _aRICS GLOBAL REAL ESTATE WEEKLY
651 4 _aInternational
690 _aBUILT ENVIRONMENT-CONSTRUCTION MARKET
690 _aPROPERTY-COMMERCIAL PROPERTY-COMMERCIAL PROPERTY MARKET
856 4 0 _uhttps://www.rics.org/site/scripts/download_info.aspx?fileID=4921
_zView the report free of charge at www.rics.org...
942 _n0
999 _c110261
_d110261